Russian roulette / (Record no. 3397)

MARC details
000 -LEADER
fixed length control field 00841nam a22002537a 4500
001 - CONTROL NUMBER
control field 3397
003 - CONTROL NUMBER IDENTIFIER
control field FISKH
005 - DATE AND TIME OF LATEST TRANSACTION
control field 20240304151737.0
008 - FIXED-LENGTH DATA ELEMENTS--GENERAL INFORMATION
fixed length control field 240301b cb ||||| |||| 00| 0 eng d
040 ## - CATALOGING SOURCE
Original cataloging agency FISK
Language of cataloging eng
Transcribing agency FISK
Modifying agency FISK
050 ## - LIBRARY OF CONGRESS CALL NUMBER
Classification number PZ7.H7875
082 ## - DEWEY DECIMAL CLASSIFICATION NUMBER
Classification number 823.92
100 ## - MAIN ENTRY--PERSONAL NAME
Personal name Horowitz Anthony :
Dates associated with a name 1955-
245 ## - TITLE STATEMENT
Title Russian roulette /
Statement of responsibility, etc. Anthony Horowitz
260 ## - PUBLICATION, DISTRIBUTION, ETC.
Place of publication, distribution, etc. London :
Name of publisher, distributor, etc. Walker books,
Date of publication, distribution, etc. 2015
300 ## - PHYSICAL DESCRIPTION
Extent 419 pages :
Other physical details 20 cm
490 ## - SERIES STATEMENT
Materials specified Alex rider adventure
505 ## - FORMATTED CONTENTS NOTE
Formatted contents note M
520 ## - SUMMARY, ETC.
Summary, etc. Presented with an unexpected assignment, Alex Rider's greatest nemesis, Yassen Gregoravich, recalls his life and the path that led him to become an assassin while his one-time friend, Alex's uncle, became a spy.
521 8# - TARGET AUDIENCE NOTE
Target audience note 770
Source Lexile
700 ## - ADDED ENTRY--PERSONAL NAME
Personal name Anthony Horowitz
942 ## - ADDED ENTRY ELEMENTS (KOHA)
Source of classification or shelving scheme Dewey Decimal Classification
Koha item type Books
Suppress in OPAC No
Holdings
Withdrawn status Lost status Source of classification or shelving scheme Damaged status Not for loan Collection Home library Current library Shelving location Date acquired Total Checkouts Full call number Barcode Date last seen Date last checked out Copy number Price effective from Koha item type
    Dewey Decimal Classification     Fiction Footprints International School Library Network Toul Kork Campus Footprints International School Library Network Toul Kork Campus   03/01/2024 1 HOR PZ7.H7875 823.92 2024-0159 05/30/2025 04/25/2025 1 03/01/2024 Books